Campeões dos campeonatos nacionais de futebol do Brasil - Statistics

Estatísticas Gerais
  • Esse quiz foi jogado 61 vezes
    7 desde o último reset
  • A pontuação média é 194 de 212
Estatísticas das Respostas
Campeonato / Divisão Ano Série A % Correto
Série B 1997 América-MG
100%
Série B 2017 América-MG
100%
Série C 2009 América-MG
100%
Série D 2022 América-RN
100%
Série A 2001 Athletico-PR
100%
Copa do Brasil 2019 Athletico-PR
100%
Série B 1995 Athletico-PR
100%
Série B 2016 Atlético-GO
100%
Série C 1990 Atlético-GO
100%
Série C 2008 Atlético-GO
100%
Série A 1937 Atlético-MG
100%
Série A 1971 Atlético-MG
100%
Série A 2021 Atlético-MG
100%
Copa do Brasil 2014 Atlético-MG
100%
Copa do Brasil 2021 Atlético-MG
100%
Supercopa Rei 2022 Atlético-MG
100%
Série B 2006 Atlético-MG
100%
Série A 1959 Bahia
100%
Série A 1988 Bahia
100%
Série A 1968 Botafogo
100%
Série A 1995 Botafogo
100%
Série A 2024 Botafogo
100%
Série B 2015 Botafogo
100%
Série B 2021 Botafogo
100%
Série D 2013 Botafogo-PB
100%
Série D 2015 Botafogo-SP
100%
Série B 2004 Brasiliense
100%
Série C 2002 Brasiliense
100%
Série B 2020 Chapecoense
100%
Série A 1990 Corinthians
100%
Série A 1998 Corinthians
100%
Série A 1999 Corinthians
100%
Série A 2005 Corinthians
100%
Série A 2011 Corinthians
100%
Série A 2015 Corinthians
100%
Série A 2017 Corinthians
100%
Copa do Brasil 1995 Corinthians
100%
Copa do Brasil 2002 Corinthians
100%
Copa do Brasil 2009 Corinthians
100%
Copa do Brasil 2025 Corinthians
100%
Supercopa Rei 1991 Corinthians
100%
Supercopa Rei 2026 Corinthians
100%
Série B 2008 Corinthians
100%
Série A 1985 Coritiba
100%
Série B 2007 Coritiba
100%
Série B 2010 Coritiba
100%
Série B 2025 Coritiba
100%
Série A 1966 Cruzeiro
100%
Série A 2003 Cruzeiro
100%
Série A 2013 Cruzeiro
100%
Série A 2014 Cruzeiro
100%
Copa do Brasil 1993 Cruzeiro
100%
Copa do Brasil 1996 Cruzeiro
100%
Copa do Brasil 2000 Cruzeiro
100%
Copa do Brasil 2003 Cruzeiro
100%
Copa do Brasil 2017 Cruzeiro
100%
Copa do Brasil 2018 Cruzeiro
100%
Série B 2022 Cruzeiro
100%
Série C 2017 CSA
100%
Série A 1980 Flamengo
100%
Série A 1982 Flamengo
100%
Série A 1983 Flamengo
100%
Série A 1992 Flamengo
100%
Série A 2009 Flamengo
100%
Série A 2019 Flamengo
100%
Série A 2020 Flamengo
100%
Série A 2025 Flamengo
100%
Copa do Brasil 1990 Flamengo
100%
Copa do Brasil 2006 Flamengo
100%
Copa do Brasil 2013 Flamengo
100%
Copa do Brasil 2022 Flamengo
100%
Copa do Brasil 2024 Flamengo
100%
Supercopa Rei 2020 Flamengo
100%
Supercopa Rei 2021 Flamengo
100%
Supercopa Rei 2025 Flamengo
100%
Série A 1970 Fluminense
100%
Série A 1984 Fluminense
100%
Série A 2010 Fluminense
100%
Série A 2012 Fluminense
100%
Copa do Brasil 2007 Fluminense
100%
Série C 1999 Fluminense
100%
Série B 2018 Fortaleza
100%
Série B 1999 Goiás
100%
Série B 2012 Goiás
100%
Série A 1981 Grêmio
100%
Série A 1996 Grêmio
100%
Copa do Brasil 1989 Grêmio
100%
Copa do Brasil 1994 Grêmio
100%
Copa do Brasil 1997 Grêmio
100%
Copa do Brasil 2001 Grêmio
100%
Copa do Brasil 2016 Grêmio
100%
Supercopa Rei 1990 Grêmio
100%
Série B 2005 Grêmio
100%
Série A 1978 Guarani
100%
Série B 1981 Guarani
100%
Série A 1975 Internacional
100%
Série A 1976 Internacional
100%
Série A 1979 Internacional
100%
Copa do Brasil 1992 Internacional
100%
Copa do Brasil 1999 Juventude
100%
Série B 1994 Juventude
100%
Série C 2022 Mirassol
100%
Série D 2020 Mirassol
100%
Série A 1960 Palmeiras
100%
Série A 1967 Palmeiras
100%
Série A 1967 Palmeiras
100%
Série A 1969 Palmeiras
100%
Série A 1972 Palmeiras
100%
Série A 1973 Palmeiras
100%
Série A 1993 Palmeiras
100%
Série A 1994 Palmeiras
100%
Série A 2016 Palmeiras
100%
Série A 2018 Palmeiras
100%
Série A 2022 Palmeiras
100%
Série A 2023 Palmeiras
100%
Copa do Brasil 1998 Palmeiras
100%
Copa do Brasil 2012 Palmeiras
100%
Copa do Brasil 2015 Palmeiras
100%
Copa do Brasil 2020 Palmeiras
100%
Supercopa Rei 2023 Palmeiras
100%
Série B 2003 Palmeiras
100%
Série B 2013 Palmeiras
100%
Série B 1991 Paysandu
100%
Série B 2001 Paysandu
100%
Série C 2025 Ponte Preta
100%
Série B 1989 Red Bull Bragantino
100%
Série B 2019 Red Bull Bragantino
100%
Série C 2007 Red Bull Bragantino
100%
Série C 2005 Remo
100%
Copa do Brasil 2004 Santo André
100%
Série A 1961 Santos
100%
Série A 1962 Santos
100%
Série A 1963 Santos
100%
Série A 1964 Santos
100%
Série A 1965 Santos
100%
Série A 1968 Santos
100%
Série A 2002 Santos
100%
Série A 2004 Santos
100%
Copa do Brasil 2010 Santos
100%
Série B 2024 Santos
100%
Série A 1977 São Paulo
100%
Série A 1986 São Paulo
100%
Série A 1991 São Paulo
100%
Série A 2006 São Paulo
100%
Série A 2007 São Paulo
100%
Série A 2008 São Paulo
100%
Copa do Brasil 2023 São Paulo
100%
Supercopa Rei 2024 São Paulo
100%
Série A 1987 Sport
100%
Copa do Brasil 2008 Sport
100%
Série B 1990 Sport
100%
Série A 1974 Vasco
100%
Série A 1989 Vasco
100%
Série A 1997 Vasco
100%
Série A 2000 Vasco
100%
Copa do Brasil 2011 Vasco
100%
Série B 2009 Vasco
100%
Série C 1996 Vila Nova-GO
100%
Série C 2015 Vila Nova-GO
100%
Série C 2020 Vila Nova-GO
100%
Série B 1971 Villa Nova-MG
100%
Série B 2023 Vitória
100%
Série C 2010 ABC
83%
Série C 2023 Amazonas
83%
Série C 1998 Avaí
83%
Copa do Brasil 1991 Criciúma
83%
Série B 2002 Criciúma
83%
Série C 2006 Criciúma
83%
Série D 2018 Ferroviário
83%
Série D 2023 Ferroviário
83%
Série B 1998 Gama
83%
Série B 1988 Inter de Limeira
83%
Série C 2003 Ituano
83%
Série C 2021 Ituano
83%
Série B 2014 Joinville
83%
Série C 2011 Joinville
83%
Série B 1980 Londrina
83%
Série C 2019 Náutico
83%
Série C 1994 Novorizontino
83%
Série C 2018 Operário-PR
83%
Série D 2017 Operário-PR
83%
Série B 1992 Paraná
83%
Série B 2011 Portuguesa
83%
Série C 2013 Santa Cruz
83%
Série D 2014 Tombense
83%
Série B 1985 Tuna Luso
83%
Série C 1992 Tuna Luso
83%
Série B 1983 Juventus-SP
67%
Copa do Brasil 2005 Paulista
67%
Série C 2001 Paulista
67%
Série B 1972 Sampaio Corrêa
67%
Série C 1997 Sampaio Corrêa
67%
Série D 2012 Sampaio Corrêa
67%
Série C 2024 Volta Redonda
67%
Série D 2016 Volta Redonda
67%
Série C 2016 Boa Esporte
50%
Série D 2019 Brusque
50%
Série D 2010 Guarany de Sobral
50%
Série C 2014 Macaé
50%
Série C 2012 Oeste
50%
Série D 2021 Aparecidense
33%
Série D 2025 Barra-SC
33%
Série C 1981 Olaria
33%
Série D 2024 Retrô
33%
Série D 2009 São Raimundo-PA
33%
Série D 2011 Tupi
33%
Série B 1984 Uberlândia
33%
Série C 1995 XV de Piracicaba
33%
Série B 1982 Campo Grande-RJ
17%
Série C 2004 União Barbarense
17%
Série B 1996 União São João
17%
Série C 1988 União São João
17%
Nenhum quiz correspondente encontrado
Distribuição das Pontuações
Porcentagem de Pessoas com Cada Pontuação
Percentil de Números Respondidos
Sua Pontuação Histórica
Você não jogou esse quiz desde o último reset